The land from the air : (Record no. 55244)
[ view plain ]
| 000 -LEADER | |
|---|---|
| fixed length control field | 00743nam a2200229 a 4500 |
| 001 - CONTROL NUMBER | |
| control field | 55244 |
| 003 - CONTROL NUMBER IDENTIFIER | |
| rucl marc code | BD-RjUL |
| 005 - DATE AND TIME OF LATEST TRANSACTION | |
| control field | 20211209080234.0 |
| 008 - FIXED-LENGTH DATA ELEMENTS--GENERAL INFORMATION | |
| fixed length control field | 161115r19701958xx a 000 0 eng d |
| 035 ## - SYSTEM CONTROL NUMBER | |
| System control number | (BD-RjUL) 55366 |
| 040 ## - CATALOGING SOURCE | |
| Original cataloging agency | WSU |
| Transcribing agency | WSU |
| Modifying agency | OCL |
| -- | EQO |
| -- | BD-RjUL |
| Language of cataloging | eng |
| 041 ## - LANGUAGE CODE | |
| Language code of text/sound track or separate title | eng |
| 082 ## - DEWEY DECIMAL CLASSIFICATION NUMBER | |
| Edition number | 23 |
| Classification number | 914.1 |
| Author mark and year | DUL 1970 |
| 100 1# - MAIN ENTRY--PERSONAL NAME | |
| Personal name | Dury, G. H. |
| Fuller form of name | (George Harry), |
| Dates associated with a name | 1916- |
| 9 (RLIN) | 164590 |
| 245 14 - TITLE STATEMENT | |
| Title | The land from the air : |
| Remainder of title | a photographic geography / |
| Statement of responsibility, etc. | by G. Dury and J. A. Morris |
| 260 ## - PUBLICATION, DISTRIBUTION, ETC. (IMPRINT) | |
| Place of publication, distribution, etc. | London : |
| Name of publisher, distributor, etc. | George G. Harrap, |
| Date of publication, distribution, etc. | c1958 [ reprinted 1970] |
| 300 ## - PHYSICAL DESCRIPTION | |
| Pagination | 104 p : |
| Illustrations | ill ; |
| Size | 26 cm. |
| 504 ## - BIBLIOGRAPHY, ETC. NOTE | |
| Bibliography, etc | Includes bibliography |
| 651 #0 - SUBJECT ADDED ENTRY--GEOGRAPHIC NAME | |
| Geographic name | Great Britain |
| General subdivision | Aerial photographs |
| 9 (RLIN) | 155466 |
| 700 1# - ADDED ENTRY--PERSONAL NAME | |
| Personal name | Morris, Joseph Acton. |
| 942 ## - ADDED ENTRY ELEMENTS (KOHA) | |
| Source of classification or shelving scheme | Dewey Decimal Classification |
| Koha item type | Books |
| Lost status | Source of classification or shelving scheme | Damaged status | Not for loan | Collection code | Permanent Location | Current Location | Shelving location | Date acquired | Source of acquisition | Cost, normal purchase price | Total Checkouts | Full call number | Date last seen | Copy number | Koha item type |
|---|---|---|---|---|---|---|---|---|---|---|---|---|---|---|---|
| Dewey Decimal Classification | Non-fiction | Central Library, University of Rajshahi | Central Library, University of Rajshahi | 30/01/1973 | Britain | 0.00 | 914.1 DUL 1970 | 15/11/2016 | C-2 | Books | |||||
| Dewey Decimal Classification | Non-fiction | Central Library, University of Rajshahi | Central Library, University of Rajshahi | 25/04/1961 | Lahore mirza book agency. | 6.37 | 914.1 DUL 1959 | 29/11/2016 | C-3 | Books |